Pillars of empire : Karachi under the raj 1843-1947 (Record no. 62407)

000 -LEADER
fixed length control field 00553nam a22001817a 4500
003 - CONTROL NUMBER IDENTIFIER
control field NUST - PNEC
005 - DATE AND TIME OF LATEST TRANSACTION
control field 20170116180747.0
008 - FIXED-LENGTH DATA ELEMENTS--GENERAL INFORMATION
fixed length control field 150218b xxu||||| |||| 00| 0 eng d
020 ## - INTERNATIONAL STANDARD BOOK NUMBER
International Standard Book Number 9698837019
040 ## - CATALOGING SOURCE
Transcribing agency LIBRARY
082 ## - DEWEY DECIMAL CLASSIFICATION NUMBER
Classification number 320.917 WAT
100 ## - MAIN ENTRY--PERSONAL NAME
9 (RLIN) 1375
Personal name Watson, J. Forbes
245 ## - TITLE STATEMENT
Title Pillars of empire : Karachi under the raj 1843-1947
Statement of responsibility, etc. J. Forbes Watson
260 ## - PUBLICATION, DISTRIBUTION, ETC.
Place of publication, distribution, etc. Karachi :
Name of publisher, distributor, etc. Pakistan Herald Publications Pvt., Ltd.
Date of publication, distribution, etc. c2004.
300 ## - PHYSICAL DESCRIPTION
Extent 159 p. :
Other physical details ill.:
Dimensions 25 cm.
650 ## - SUBJECT ADDED ENTRY--TOPICAL TERM
9 (RLIN) 1376
Topical term or geographic name entry element History of Karachi
General subdivision General
942 ## - ADDED ENTRY ELEMENTS (KOHA)
Source of classification or shelving scheme
Koha item type Book
Holdings
Withdrawn status Lost status Source of classification or shelving scheme Damaged status Not for loan Permanent Location Current Location Shelving location Date acquired Source of acquisition Cost, normal purchase price Total Checkouts Full call number Barcode Date last seen Cost, replacement price Price effective from Koha item type
          Pakistan Navy Engineering College (PNEC) Pakistan Navy Engineering College (PNEC)   06/23/2014 ZS Dictionary 500.00   320.917 WAT PNECLIB-031916 02/18/2015 500.00 06/23/2014 Book
© 2023 Central Library, National University of Sciences and Technology. All Rights Reserved.